000 01061nam0a2200241 i 4500
001 RU\NLR\bibl\283167
005 20240726002015.0
035 _a(NLR Aleph) 000278616
090 _a1630087
_c1630087
100 _a20020703d2000 |||y0rusy50 ca
101 0 _arus
102 _aRU
105 _aa dm |||||
200 1 _aОптимизация методов диагностики, хирургического лечения и профилактики осложнений травматических абдоминальных повреждений
_e(клинико-эксперим. исслед.)
_eАвтореф. дис. на соиск. учен. степ. д.м.н.
_eСпец. 14.00.27
_f[Башкир. гос. мед. ун-т]
210 _aУфа
_d2000
215 _a50 с.
_cил.
_d20
320 _aБиблиогр.: с. 44-50 (90 назв.)
686 _a14.00.27
_2oksvnk
700 1 _aФаязов
_bР. Р.
_gРадик Радифович
801 0 _aRU
_bNLR
_c20020703
_gPSBO
801 1 _aRU
_bNLR
_c20020703
942 _cBOOK